000 00662nam a2200193Ii 4500
003 JO-AjNU
008 230605s9999||||xx |||||||||||||| ||und||
040 _aJO-AjNU
_bara
_erda
_cJO-AjNU
041 _aara
050 1 4 _aDT250 A43 1989
100 3 _aاعداد العميد، طاهر مظفر,
_eauthor
_939223
245 0 0 _aآثار المغرب والاندلس
264 3 1 _aبغداد: د.ن، 1989
300 _a416ص
_bصور توضيحية
336 _atext
_btxt
_2rdacontent
337 _aunmediated
_bn
_2rdamedia
338 _avolume
_bnc
_2rdacarrier
650 4 _aالاندلس-اثار اسلامية/المغرب العربي-اثار
_939224
999 _aA16548
_c20116
_d20116